Análisis de la evolución de precios de empresas públicas en la Argentina (Registro nro. 16243)

Detalles MARC
000 -LEADER
fixed length control field 00405 a2200121 4500
001 - CONTROL NUMBER
control field ART_3233
005 - DATE AND TIME OF LATEST TRANSACTION
control field 20260410161713.0
008 - FIXED-LENGTH DATA ELEMENTS--GENERAL INFORMATION
fixed length control field 260409a
100 1# - MAIN ENTRY--PERSONAL NAME
Personal name Porto, Alberto
245 10 - TITLE STATEMENT
Title Análisis de la evolución de precios de empresas públicas en la Argentina
700 1# - ADDED ENTRY--PERSONAL NAME
Personal name Núñez Miñana, Horacio
773 0# - HOST ITEM ENTRY
Title Desarrollo económico
Related parts - Vol. 16, Nº 63 (oct./dic. 1976)
Record control number REV1174

No hay ítems disponibles.